| 000 | 00408nam a22001457a 4500 | ||
|---|---|---|---|
| 005 | 20171206161705.0 | ||
| 008 | 171206b xxu||||| |||| 00| 0 eng d | ||
| 041 | _aeng | ||
| 082 | _a622 | ||
| 100 |
_aDESHMUKH,DR, J. AND DESHMUKH, R T. _94012 |
||
| 245 |
_aWINNING AND WORKING COAL IN INDIA (VOL-2) _cDR, J. DESHMUKH AND R T. DESHMUKH |
||
| 260 | _aISMAG CO-OPERATIVE STORE | ||
| 300 | _a672p. | ||
| 942 | _cBK | ||
| 999 |
_c5667 _d5665 |
||